LIBRARY & INFORMATION CENTRE, KCAET, TAVANUR

ONLINE PUBLIC ACCESS CATALOGUE (OPAC)

Food Science and Nutrition (Record no. 14328)

MARC details
000 -LEADER
fixed length control field 00308nam a22001337a 4500
020 ## - INTERNATIONAL STANDARD BOOK NUMBER
ISBN 9780198078869
082 ## - DEWEY DECIMAL CLASSIFICATION NUMBER
Classification number 664
Item number ROD/FO
100 ## - MAIN ENTRY--AUTHOR NAME
Personal name Roday Sunetra
245 ## - TITLE STATEMENT
Title Food Science and Nutrition
250 ## - EDITION STATEMENT
Edition statement 2
260 ## - PUBLICATION, DISTRIBUTION, ETC. (IMPRINT)
Place of publication New Delhi
Name of publisher Oxford University Press
Year of publication 2012
300 ## - PHYSICAL DESCRIPTION
Number of Pages 408
Other physical details
942 ## - ADDED ENTRY ELEMENTS (KOHA)
Koha item type Books
Holdings
Withdrawn status Lost status Damaged status Collection code Home library Current library Shelving location Date acquired Source of acquisition Cost, normal purchase price Full call number Accession Number Koha item type
        KAUAET KAUAET General Stacks 16/06/2016 Aman Book Stall Calicut 375.00 664 ROD/FO 24621 Books
free website counter